000 00779nam a22001935i 4500
001 163822
003 ES-MaACL
005 20250929063240.0
008 990726s1841 sp |||| | spa d
040 _aCCPB | B
_bspa
_cCCPB | B
100 1 _aRodríguez Rubí, Tomás,
_d1817-1890
_9131953
245 1 0 _aRivera, o La fortuna en la prision
_b: drama en tres actos /
_cde Tomas Rodriguez Rubí.
260 _aMadrid :
_b[Manuel Delgado],
_c1841 (
_fImprenta de Yenes)
300 _a80 p. ;
_c19 cm.
596 _aEd. tomado de la cub.
740 3 _aLa fortuna en la prisión.
852 _aES-MaACL
_jF-8586(3)
_z-- Enc. pasta española
_z-- Enc. en un vol. facticio, formando parte de la col. facticia: "Teatro español moderno", vol. 39
999 _c163822
_d163822